Rôle | Nom | % Correct |
---|---|---|
Formation | 2001 | 82%
|
Album1 | 2003 | 76%
|
Album2 | 2005 | 76%
|
Album3 | 2007 | 76%
|
Album4 | 2008 | 76%
|
Album7 | 2018 | 76%
|
Single6•2 | American Beauty/American Psycho | 76%
|
2015 | American beauty/American Psycho | 76%
|
Single6•1 | Centuries | 76%
|
Album5 | 2013 | 71%
|
Album6 | 2015 | 71%
|
Guitare, Chant | Patrick Stump | 71%
|
Basse, Chant | Peter Wentz | 65%
|
2013 | Save rock and roll | 65%
|
Single3•3 | Thnks fr th mmrs | 65%
|
CIty | Chicago | 59%
|
Single2•2 | Dance, dance | 59%
|
2018 | M A N I A | 59%
|
Wentz | 1979 | 53%
|
Hurley | 1980 | 53%
|
Trohman | 1984 | 53%
|
Stump | 1984 | 53%
|
2008 | Folie à deux | 53%
|
2005 | From under the Cork tree | 53%
|
Single5•2 | The phoenix | 53%
|
Single6•3 | Uma Thurman | 47%
|
2007 | Infinity on high | 41%
|
Single2•1 | Sugar, we're going down | 41%
|
2003 | Take this to your grave | 41%
|
Batterie | Andrew Hurley | 35%
|
Guitare | Joe Trohman | 35%
|
Single7•2 | Champion | 29%
|
Single4•1 | I don't care | 29%
|
Single6•4 | Irresistible | 29%
|
Single7•3 | The last of the real ones | 29%
|
Single5•3 | Alone together | 24%
|
Single1•2 | Grand theft autumn/Where is your boy | 24%
|
Single1•3 | Saturday | 24%
|
Single7•4 | Hold me tight or don't | 12%
|
Single3•2 | This ain't a scene, it's an arms race | 12%
|
Single7•1 | Young and menace | 12%
|
Single5•4 | Young volcanoes | 12%
|
Single2•3 | A little less sixteen candles, a little more "touch me" | 6%
|
Single1•1 | Dead on arrival | 6%
|
Single5•1 | My songs know what you did in the dark (light em up) | 6%
|
Single4•2 | America's suitehearts | 0%
|
Single4•3 | Headfirst slide into Cooperstown on a bad bet | 0%
|
Single3•5 | I'm like a lawyer... | 0%
|
Single3•1 | The carpal tunnel of love | 0%
|
Single3•4 | The take over, the breaks over | 0%
|
Single4•4 | What a catch, Donnie | 0%
|
Single7•5 | Wilson (expensive mistakes) | 0%
|
Copyright H Brothers Inc., 2008–2024
Nous contacter | Retour en haut de page | Passer à la version ordinateur